• 首页
  • 本馆介绍
  • 公告通知
  • 最新文献
  • 馆藏检索
  • 电子资源
  • 读者荐购
  • 参考咨询
  • CALIS
  • 我的图书馆
  • 登录
  • 详细信息显示
  • 放入我的书架
  • 预约/预借图书
  • 作者相关作品
  • 分类相关作品
  • 丛书相关作品
  • 出版社相关作品

书目信息

  • 表格格式
  • 工作单格式
  • 卡片格式
题名:
魏碑楷书结构教程
    
 
作者: 弓超, , 杨再春, 著
分册:  
出版信息: 北京   北京体育大学出版社  2003
页数: 126页
开本: 26cm
丛书名:
单 册:
中图分类: J292.113.3
科图分类:
主题词: 汉字--Han Zi--楷书--书法--教材 , 楷书--Kai Shu--碑帖--中国--魏晋南北朝时代
电子资源:
ISBN: 7-81051-890-9
 
 
 
 
 
000 00766nam0 2200241 a 450
000 0000543452
001 CAL 012003131049
005 20061124155923.50
010    @a7-81051-890-9@dCNY 18.00
099    @aCAL 012003131049
100    @a20030828d2003 ekmy0chiy0121 ea
101 0  @achi
102    @aCN@b110000
200 1  @a魏碑楷书结构教程@Awei bei kai shu jie gou jiao cheng@f弓超,杨再春著@Fgong chao,yang zai chun zhu
210    @a北京@c北京体育大学出版社@d2003
215    @a126页@d26cm
606 0  @a汉字@AHan Zi@x楷书@x书法@j教材
606 0  @a楷书@AKai Shu@x碑帖@y中国@z魏晋南北朝时代
690    @aJ292.113.3@v4
701  0 @a弓超,@AGong Chao@f1956-@4著
701  0 @a杨再春,@AYang Zaichun@f1934-@4著
801    @aCN@c20061124
905    @a10447@dJ292.113.3@eG357
    
    魏碑楷书结构教程/弓超,杨再春著.-北京:北京体育大学出版社,2003
    126页;26cm
    
    
    ISBN 7-81051-890-9:CNY 18.00
    
●
相关链接 在E读中查询图书 在当当中查询图书 在豆瓣中查询图书


正题名:魏碑楷书结构教程     索取号:J292.113.3/G357         预约/预借

序号 登录号 条形码 馆藏地/架位号 状态 备注
1 615167   206151670   社科库309/309社科库 79排3列5层/ [索取号:J292.113.3/G357] 在馆    
2 615168   206151689   社科库309/309社科库 79排3列5层/ [索取号:J292.113.3/G357] 在馆    
河南城建学院图书馆 欢迎您!
大连网信软件有限公司© 版权所有